000 00401nam a2200169 4500
003 CO-ViMGA
020 _a9788426136961
040 _aCO-ViMGA
_bspa
_cCO-ViMGA
090 _aA
_bBIEc
100 1 _aBie, Linne
_9233
245 1 0 _aLas canciones del pequeño edu
250 _aEditorial Juventud
260 _achina
_bJuventud
_c2008
300 _a12 p.
650 1 4 _aLibro album
_9224
942 _2ddc
_cBK
999 _c33541
_d33541